000 00666nam a2200241Ia 4500
003 OSt
005 20221007072224.0
006 a|||||r|||| 00| 0
007 ta
008 221006b |||||||| |||| 00| 0 eng d
024 _a17,700
037 _cTextual
040 _aFLL
_cFLL
_beng
041 _2eng
_aeng
082 _aY:45.73, M0
100 _aGeis G. Au.
_9690290
245 0 _aWhite-coller crime theory and research
260 _aLondon
_bSage publications England
_c1980
300 _a320p
_ccm.
700 _a Stotland E. Au.
_9690291
942 _hY:45.73, M0
_cTEXL
_2CC
999 _c1145466
_d1145466